Shortening breeding cycle in Hevea brasiliensis: Imperative evidences from clone trials (Record no. 68665)

MARC details
000 -LEADER
fixed length control field 00578nam a2200169Ia 4500
100 ## - MAIN ENTRY--AUTHOR NAME
Personal name Chandrasekhar T R
245 #0 - TITLE STATEMENT
Title Shortening breeding cycle in Hevea brasiliensis: Imperative evidences from clone trials
260 ## - PUBLICATION, DISTRIBUTION, ETC. (IMPRINT)
Name of publisher Preprints of papers: International Natural Rubber Conference, 6-8 November 2005, Cochin, India, p.18-26.
650 ## - SUBJECT ADDED ENTRY--TOPICAL TERM
Topical Term Breeding cycle
650 ## - SUBJECT ADDED ENTRY--TOPICAL TERM
Topical Term Clone trials
700 ## - ADDED ENTRY--PERSONAL NAME
Personal name Marattukalam J G
700 ## - ADDED ENTRY--PERSONAL NAME
Personal name Mercykutty V C
700 ## - ADDED ENTRY--PERSONAL NAME
Personal name Priyadarshan P M
700 ## - ADDED ENTRY--PERSONAL NAME
Personal name Saraswathyamma C K
942 ## - ADDED ENTRY ELEMENTS (KOHA)
Koha item type Journals
Holdings
Withdrawn status Lost status Damaged status Not for loan Home library Current library Shelving location Date acquired Koha item type
      Journals RRII Library RRII Library Botany 17/12/2021 Journals